| 000 | 00780nam a2200181Ia 4500 | ||
|---|---|---|---|
| 008 | 151202s9999||||xx |||||||||||||| ||und|| | ||
| 082 | _bPNVM-71001 | ||
| 100 | _aदुधाणे संजय. | ||
| 245 | _aध्रुवतारा सचिन तेंडुलकर यांचे चरित्र. | ||
| 260 | _b"वेदांत पब्लिसिटी,पुणे." | ||
| 260 | _c7100 | ||
| 300 | _a94 | ||
| 600 | _aदुधाणे संजय. | ||
| 630 | _aध्रुवतारा सचिन तेंडुलकर यांचे चरित्र. | ||
| 700 | _aदुधाणे संजय. | ||
| 730 | _aध्रुवतारा सचिन तेंडुलकर यांचे चरित्र. | ||
| 942 | _cBOOK | ||
| 999 |
_c1337507 _d1337504 |
||